Los archivos de empresa como fuente para la investigación histórica: un estudio de caso /
Gespeichert in:
| 1. Verfasser: | |
|---|---|
| Weitere Verfasser: | , |
| Format: | Text |
| Tags: |
Tag hinzufügen
Keine Tags, Fügen Sie den ersten Tag hinzu!
|
MARC
| LEADER | 00000 a a2200000 04500 | ||
|---|---|---|---|
| 001 | 40183 | ||
| 003 | |||
| 040 | |||
| 100 | |a Rojas, Margarita | ||
| 245 | |a Los archivos de empresa como fuente para la investigación histórica: |b un estudio de caso / |c Margarita Rojas ; Mario Samper Kutschbach ; Margarita Torres | ||
| 700 | |a Samper Kutschbach, Mario | ||
| 700 | |a Torres, Margarita | ||
| 773 | |g páginas 103-126 | ||
| 999 | |c 40170 |d 40170 | ||
